000
00416nam a2200169Ia 4500
008
090711s9999 xx 000 0 und d
082
_b
38704
100
_a
राजे शैलजा
245
_a
सावर
260
_c
1978
300
_a
168
600
_a
राजे शैलजा
630
_a
सावर
700
_a
राजे शैलजा
730
_a
सावर
942
_c
BOOK
999
_c
288509
_d
288509